<?xml version="1.0" encoding="UTF-8"?>
<marc:record xmlns:marc="http://www.loc.gov/MARC21/slim">
   <marc:leader>00000nam a2200000 a 4500</marc:leader>
   <marc:datafield ind1="1" ind2=" " tag="100">
      <marc:subfield code="a">Sand, George</marc:subfield>
      <marc:subfield code="4">aut</marc:subfield>
      <marc:subfield code="e">Verfasser/-in</marc:subfield>
   </marc:datafield>
   <marc:datafield ind1="1" ind2=" " tag="100">
      <marc:subfield code="a">Lindner, Hermann</marc:subfield>
      <marc:subfield code="4">trl</marc:subfield>
      <marc:subfield code="e">Übersetzer/-in</marc:subfield>
   </marc:datafield>
   <marc:datafield ind1=" " ind2=" " tag="653">
      <marc:subfield code="a">Softcover / Belletristik/Hauptwerk vor 1945</marc:subfield>
   </marc:datafield>
   <marc:datafield ind1=" " ind2=" " tag="653">
      <marc:subfield code="a">Erzählungen</marc:subfield>
   </marc:datafield>
   <marc:datafield ind1=" " ind2=" " tag="653">
      <marc:subfield code="a">Reisebericht</marc:subfield>
   </marc:datafield>
   <marc:datafield ind1=" " ind2=" " tag="653">
      <marc:subfield code="a">Reisebericht 1838-1839</marc:subfield>
   </marc:datafield>
   <marc:datafield ind1=" " ind2=" " tag="653">
      <marc:subfield code="a">Erzählende Literatur: Hauptwerk vor 1945</marc:subfield>
   </marc:datafield>
   <marc:datafield ind1="0" ind2="0" tag="245">
      <marc:subfield code="a">Ein Winter auf Mallorca</marc:subfield>
   </marc:datafield>
   <marc:datafield ind1="0" ind2="0" tag="245">
      <marc:subfield code="c">George Sand ; aus dem Französischen neu übersetzt und herausgegeben von Hermann Lindner ; mit zahlreichen zeitgenössischen Bildern</marc:subfield>
   </marc:datafield>
   <marc:datafield ind1=" " ind2="1" tag="264">
      <marc:subfield code="a">München</marc:subfield>
      <marc:subfield code="b">dtv</marc:subfield>
      <marc:subfield code="c">2016</marc:subfield>
   </marc:datafield>
   <marc:datafield ind1=" " ind2=" " tag="250">
      <marc:subfield code="a">Neuübersetzung</marc:subfield>
   </marc:datafield>
   <marc:datafield ind1="1" ind2=" " tag="520">
      <marc:subfield code="a">Angaben aus der Verlagsmeldung

Ein Winter auf Mallorca Un hiver à Majorque Sand,Winter auf Mallorca / von George Sand

Die Kunst zu reisen ist fast die Wissenschaft des Lebens.
Im Oktober des Jahres 1838 bricht die gefeierte Schriftstellerin George Sand nach Mallorca auf, begleitet von Frédéric Chopin und ihren beiden Kindern. Zwar hofft sie auf die Gesundung ihres Geliebten und die ihres Sohnes, aber die Reise ist auch eine Flucht, um dem Klatsch und Tratsch der Pariser Gesellschaft zu entkommen. Der anfängliche Enthusiasmus weicht bald einer großen Ernüchterung, denn es gibt weder eine Willkommenskultur noch das erwartete milde Klima. Nach nur einem Winter kehrt die kleine Familie wieder nach Frankreich zurück.
1842 erscheint George Sands literarischer Bericht als Buch und wird zum vielgelesenen Klassiker. Auch heute sollte sich kein Mallorca-Fan, kein Reisefreund, diesen zauberhaft-befremdlichen Blick zurück in die Insel-Vergangenheit entgehen lassen.
</marc:subfield>
   </marc:datafield>
   <marc:datafield ind1=" " ind2=" " tag="020">
      <marc:subfield code="a">9783423280990</marc:subfield>
      <marc:subfield code="9">9783423280990</marc:subfield>
   </marc:datafield>
   <marc:datafield ind1=" " ind2=" " tag="020">
      <marc:subfield code="a">3423280999</marc:subfield>
      <marc:subfield code="9">3423280999</marc:subfield>
   </marc:datafield>
   <marc:datafield ind1=" " ind2=" " tag="041">
      <marc:subfield code="a">ger</marc:subfield>
   </marc:datafield>
   <marc:datafield ind1=" " ind2=" " tag="300">
      <marc:subfield code="a">371 Seiten</marc:subfield>
   </marc:datafield>
</marc:record>
